LEADER 01639nas 2200517-a 450 001 9910133424603321 005 20240413021907.0 035 $a(CKB)110978977565661 035 $a(CONSER)sn-81002634- 035 $a(EXLCZ)99110978977565661 100 $a19811216b19uu2012 --- a 101 0 $aeng 181 $ctxt$2rdacontent 182 $cc$2rdamedia 183 $acr$2rdacarrier 200 10$aGenesis 210 $aWashington, D.C. $cAmerican Society for Psychoprophylaxis in Obstetrics 210 2 $aArlington, Va. $cThe Society 210 3 $aWashington, DC $cLamaze International 215 $a1 online resource 300 $aRefereed/Peer-reviewed 311 08$aPrint version: Genesis (Washington, D.C.) 0744-0596 (DLC)sn 81002634 (OCoLC)8002024 531 $aGENESIS THE LAMAZE NEWSLETTER 531 0 $aGenesis 606 $aNatural childbirth$vPeriodicals 606 $aObstetrics$vPeriodicals 606 $aNatural Childbirth 606 $aObstetrics 606 $aNatural childbirth$2fast$3(OCoLC)fst01033983 606 $aObstetrics$2fast$3(OCoLC)fst01042994 608 $aPeriodical. 608 $aPeriodicals.$2fast 608 $aPeriodicals.$2lcgft 615 0$aNatural childbirth 615 0$aObstetrics 615 2$aNatural Childbirth. 615 2$aObstetrics. 615 7$aNatural childbirth. 615 7$aObstetrics. 712 02$aAmerican Society for Psychoprophylaxis in Obstetrics. 712 02$aLamaze International. 906 $aJOURNAL 912 $a9910133424603321 920 $aexl_impl conversion 996 $aBibbia. Antico Testamento$955281 997 $aUNINA